Saveurs de Bret's - Statistiques

Statistiques générales
  • Ce quiz a été pris 54 fois
  • Le résultat moyen est 8 sur 27
Statistiques - réponses
Réponse % Correct
Poulet Braisé
65%
Nature
56%
Fromage du Jura
54%
Chèvre Piment d'Espelette
50%
Tartiflette
50%
Miel Moutarde
46%
Camembert
40%
Indian Curry
40%
Pesto Mozzarella
40%
Sel & Vinaigre
40%
Cote de Boeuf
35%
Pili Pili
35%
Aioli
33%
Yakitori
31%
Sauce Pomme Frite
29%
Bleu Pancetta
25%
Sauce Barbecue
25%
Cheddar Oignon de Roscoff
21%
Cèpes
19%
Chili Pointe de Menthe
19%
Bacon Grillé
17%
Confit d'Oignon
17%
Petits Oignons
17%
Tomates Séchées et Vinaigre Balsamique
15%
Fromage Frais et Fines Herbes
13%
Pizza au Feux de Bois
4%
Poivron Grillé Chorizo
4%
Aucun quiz correspondant
Distribution des résultats
% des personnes avec chaque résultat
Percentile par nombre de réponses
Votre historique - résultats
Vous n’avez pas pris ce quiz